European seminar on the Convention on the protection and promotion of the diversity of cultural expressions : 26 August 2006, Bratislava, Slovakia /

Uloženo v:
Podrobná bibliografie
Hlavní autor: Štrofová, Diana
Další autoři: Makušová, Janka
Médium: Kniha
Jazyk:angličtina
francouzština
Vydáno: Bratislava : Ministry of Foreign Affairs of the Slovak Republic, 2007
Vydání:[1st ed.]
Témata:
On-line přístup: Získat plný text
Tagy: Přidat tag
Žádné tagy, Buďte první, kdo vytvoří štítek k tomuto záznamu!

MARC

LEADER 00000nam a2200000 4500
003 SK-BrCVT
005 20220621163412.0
008 070731s2007 xo e ||||||eng d
020 |z 9708088726197 
035 |a CVTIDW1421385 
040 |b slo  |a CVTI SR  |e AACR2 
041 0 |a eng  |a fre 
044 |a xo 
080 |a 316.7  |2 UDC-MRF 
080 |a 34  |2 UDC-MRF 
100 1 |a Štrofová, Diana 
242 1 0 |a Európsky seminár o Konvencii o ochrane a podpore rozmanitosti kultúrnych prejavov  |b 26. august 2006, Bratislava, Slovensko  |y slo 
245 1 0 |a European seminar on the Convention on the protection and promotion of the diversity of cultural expressions :  |b 26 August 2006, Bratislava, Slovakia /  |c Authors: Diana Štrofová ... [et al.] ; edited by: Janka Makušová 
250 |a [1st ed.] 
260 |a Bratislava :  |b Ministry of Foreign Affairs of the Slovak Republic,  |c 2007 
300 |a 113 s. 
653 1 |a občianska spoločnosť  |a medzinárodná spolupráca  |a kultúrna rôznorodosť 
700 1 |a Makušová, Janka 
710 2 |a Slovak Commission for UNESCO  |4 oth 
910 |a BA002  |b DK01885 
959 |a TS1640 
974 |f Knihy 
992 |a AZN 
999 |c 156632  |d 156632